|
|
|
|
| LEADER |
01383nam a2200361 a 4500 |
| 001 |
c000178938 |
| 003 |
CARM |
| 005 |
20041126173212.0 |
| 008 |
851128s1984 acaa b 000 0 eng d |
| 019 |
1 |
|
|a 4057322
|z 3110397
|5 LACONCORD2021
|
| 020 |
|
|
|a 0909860548
|
| 035 |
|
|
|a (OCoLC)27612321
|5 LACONCORD2021
|
| 040 |
|
|
|a SUSA
|b eng
|c SUSA
|d SUSA
|
| 042 |
|
|
|a anuc
|
| 050 |
|
4 |
|a HV802
|b .J65 1984
|
| 082 |
0 |
4 |
|a 362.71
|
| 100 |
1 |
|
|a Jones, Andrew.
|
| 245 |
1 |
0 |
|a Community management in early childhood services /
|c by Andrew Jones and Diane Nailon.
|
| 260 |
|
|
|a Watson, A.C.T. :
|b Australian Early Childhood Association,
|c 1984.
|
| 300 |
|
|
|a 16 p. :
|b ill. ;
|c 25 cm.
|
| 490 |
1 |
|
|a Australian early childhood resource booklets,
|x 0156-0999 ;
|v no. 1, 1984
|
| 500 |
|
|
|a Cover title.
|
| 504 |
|
|
|a Bibliography: p. 16.
|
| 650 |
|
0 |
|a Play groups
|z Australia.
|
| 650 |
|
0 |
|a Cooperative nursery schools
|z Australia.
|
| 650 |
|
0 |
|a Day care centers
|z Australia.
|
| 650 |
|
0 |
|a Parent and child.
|
| 700 |
1 |
|
|a Nailon, Diane.
|
| 710 |
2 |
|
|a Australian Early Childhood Association.
|
| 830 |
|
0 |
|a Australian early childhood resource booklets ;
|v no. 1.
|
| 852 |
8 |
|
|b CARM
|h A2:AO11F0
|i C06276
|p 0247682
|f BK
|
| 999 |
f |
f |
|i 9792d4c0-e5df-5c08-91f1-16e46da95cfe
|s 776dea32-f183-56af-9e90-195d3f6b4a12
|
| 952 |
f |
f |
|p Can circulate
|a CAVAL
|b CAVAL
|c CAVAL
|d CARM 1 Store
|e C06276
|f A2:AO11F0
|h Other scheme
|i book
|m 0247682
|